[Event "Turkey IS Bank Super League 2017"]
[Site "Darica-Kocaeli"]
[Date "2017.08.03"]
[Round "8"]
[White "Incecik, Seyma Zeynep"]
[Black "Kargaci, Humeyra"]
[Result "0-1"]
[WhiteElo "1804"]
[BlackElo "1737"]
[Annotator "NA"]
[PlyCount "68"]
[EventType "team-tourn"]
[EventCountry "TUR"]
[TimeControl "40/5400+30:1800+30"]

1. b3 {[%emt 0:01:30]} Nf6 {[%emt 0:01:00]} 2. Bb2 {[%emt 0:00:30]} g6 {[%emt 0:00:30]} 3. c4 {[%emt 0:00:00]} Bg7 {[%emt 0:00:00]} 4. Nf3 {[%emt 0:00:00]} O-O {[%emt 0:01:00]} 5. g3 {[%emt 0:00:30]} b6 {[%emt 0:01:30]} 6. Bg2 {[%emt 0:01:30]} Bb7 {[%emt 0:00:30]} 7. O-O {[%emt 0:00:30]} c5 {[%emt 0:00:30]} 8. Na3 {[%emt 0:09:30]} Nc6 {[%emt 0:08:30]} 9. d4 {[%emt 0:07:30]} Nxd4 {[%emt 0:02:30]} 10. Nxd4 {[%emt 0:00:30]} Bxg2 {[%emt 0:00:00]} 11. Kxg2 {[%emt 0:00:30]} cxd4 {[%emt 0:00:00]} 12. Bxd4 {[%emt 0:06:30]} d5 {[%emt 0:05:30]} 13. f3 {[%emt 0:11:30]} e5 {[%emt 0:22:30]} 14. Bb2 {[%emt 0:28:30]} d4 {[%emt 0:05:30]} 15. Qd2 {[%emt 0:03:30]} Qd7 {[%emt 0:15:30]} 16. Rfd1 {[%emt 0:02:30]} Rad8 {[%emt 0:01:30]} 17. Rac1 {[%emt 0:02:30]} Qc6 {[%emt 0:06:30]} 18. Nc2 {[%emt 0:03:04]} Rd7 {[%emt 0:02:30]} 19. Nb4 {[%emt 0:04:56]} Qb7 {[%emt 0:01:30]} 20. c5 {[%emt 0:01:55]} bxc5 {[%emt 0:00:00]} 21. Nd3 {[%emt 0:00:44]} Re7 {[%emt 0:04:08]} 22. Nxc5 {[%emt 0:00:34]} Qa8 {[%emt 0:01:03]} 23. e4 {[%emt 0:10:39]} dxe3 {[%emt 0:04:43]} 24. Qxe3 {[%emt 0:00:14]} e4 {[%emt 0:05:20]} 25. Kg1 {[%emt 0:02:20]} Nd5 {[%emt 0:03:08]} 26. Qd2 {[%emt 0:00:18]} Bxb2 {[%emt 0:01:50]} 27. Qxb2 {[%emt 0:00:30]} exf3 {[%emt 0:00:00]} 28. Qd4 {[%emt 0:00:26]} Ne3 {[%emt 0:00:18]} 29. Rd2 {[%emt 0:00:32]} Nf5 {[%emt 0:01:55]} 30. Qf2 {[%emt 0:00:30]} Rfe8 {[%emt 0:01:25]} 31. Rd3 {[%emt 0:00:45]} Ne3 {[%emt 0:00:25]} 32. Re1 {[%emt 0:00:22]} Ng4 {[%emt 0:00:47]} 33. Rxe7 {[%emt 0:00:12]} Nxf2 {[%emt 0:00:08]} 34. Rxe8+ {[%emt 0:00:30]} Qxe8 {[%emt 0:00:00]} 0-1

[Event "Turkey IS Bank Super League 2017"]
[Site "Darica-Kocaeli"]
[Date "2017.08.03"]
[Round "8"]
[White "Yurdakul, Didem Nuray"]
[Black "Gundogan, Sinem Cagla"]
[Result "0-1"]
[WhiteElo "1697"]
[BlackElo "2000"]
[Annotator "NA"]
[PlyCount "98"]
[EventType "team-tourn"]
[EventCountry "TUR"]
[TimeControl "40/5400+30:1800+30"]

1. e4 {[%emt 0:00:30]} e6 {[%emt 0:02:00]} 2. d4 {[%emt 0:00:30]} d5 {[%emt 0:00:00]} 3. Nd2 {[%emt 0:00:30]} dxe4 {[%emt 0:00:00]} 4. Nxe4 {[%emt 0:00:00]} Nd7 {[%emt 0:00:30]} 5. Nf3 {[%emt 0:00:00]} Ngf6 {[%emt 0:00:00]} 6. Ng3 {[%emt 0:01:30]} Be7 {[%emt 0:05:00]} 7. Bd3 {[%emt 0:04:30]} c5 {[%emt 0:03:30]} 8. c3 {[%emt 0:01:30]} O-O {[%emt 0:03:30]} 9. O-O {[%emt 0:03:30]} b6 {[%emt 0:08:30]} 10. Qe2 {[%emt 0:18:30]} Bb7 {[%emt 0:06:30]} 11. Bd2 {[%emt 0:14:30]} Qc7 {[%emt 0:10:30]} 12. Rfe1 {[%emt 0:06:30]} Rfe8 {[%emt 0:09:30]} 13. Rac1 {[%emt 0:14:30]} Bd6 {[%emt 0:15:30]} 14. Ne5 {[%emt 0:05:30]} Rad8 {[%emt 0:03:30]} 15. Bg5 {[%emt 0:06:20]} Bxe5 {[%emt 0:12:56]} 16. dxe5 {[%emt 0:01:40]} Qxe5 {[%emt 0:03:01]} 17. Qxe5 {[%emt 0:01:52]} Nxe5 {[%emt 0:00:08]} 18. Bb5 {[%emt 0:03:34]} Nd3 {[%emt 0:04:44]} 19. Bxe8 {[%emt 0:04:52]} Rxe8 {[%emt 0:00:59]} 20. Bxf6 {[%emt 0:00:44]} Nxc1 {[%emt 0:00:44]} 21. Rxc1 {[%emt 0:00:39]} gxf6 {[%emt 0:00:00]} 22. Rd1 {[%emt 0:02:07]} Kf8 {[%emt 0:04:14]} 23. Rd7 {[%emt 0:03:09]} Bc6 {[%emt 0:00:09]} 24. Rxa7 {[%emt 0:01:40]} Rd8 {[%emt 0:00:06]} 25. f3 {[%emt 0:00:05]} Rd1+ {[%emt 0:00:20]} 26. Kf2 {[%emt 0:01:37]} Rd2+ {[%emt 0:00:07]} 27. Kg1 {[%emt 0:00:42]} Rxb2 {[%emt 0:00:53]} 28. Rc7 {[%emt 0:01:24]} Bd5 {[%emt 0:04:21]} 29. Nh5 {[%emt 0:00:52]} Bxa2 {[%emt 0:01:27]} 30. Nxf6 {[%emt 0:00:10]} Bb1 {[%emt 0:01:48]} 31. Nd7+ {[%emt 0:01:03]} Kg7 {[%emt 0:00:31]} 32. Ne5 {[%emt 0:00:09]} Bg6 {[%emt 0:00:00]} 33. Rd7 {[%emt 0:00:57]} Rc2 {[%emt 0:01:04]} 34. c4 {[%emt 0:00:26]} Re2 {[%emt 0:00:33]} 35. Nc6 {[%emt 0:01:09]} Kf6 {[%emt 0:00:46]} 36. h3 {[%emt 0:00:00]} Rc2 {[%emt 0:00:19]} 37. Rb7 {[%emt 0:00:05]} Rxc4 {[%emt 0:01:10]} 38. Rxb6 {[%emt 0:00:06]} Rc2 {[%emt 0:00:00]} 39. Kh2 {[%emt 0:00:51]} Bd3 {[%emt 0:00:16]} 40. Rb8 {[%emt 0:00:00]} Be2 {[%emt 0:01:24]} 41. Kg1 {[%emt 0:02:17]} Bd3 {[%emt 0:00:30]} 42. Rd8 {[%emt 0:07:30]} c4 {[%emt 0:04:30]} 43. Nb4 {[%emt 0:05:55]} Rc1+ {[%emt 0:00:30]} 44. Kf2 {[%emt 0:00:30]} Bg6 {[%emt 0:00:30]} 45. Rc8 {[%emt 0:02:30]} c3 {[%emt 0:01:30]} 46. Rc6 {[%emt 0:06:19]} c2 {[%emt 0:02:30]} 47. Ke2 {[%emt 0:04:29]} Rg1 {[%emt 0:01:30]} 48. Nxc2 {[%emt 0:00:42]} Rxg2+ {[%emt 0:00:30]} 49. Kd1 {[%emt 0:00:08]} Rxc2 {[%emt 0:00:30]} 0-1

[Event "Turkey IS Bank Super League 2017"]
[Site "Darica-Kocaeli"]
[Date "2017.08.03"]
[Round "8"]
[White "Sade, Defne"]
[Black "Ozbay, Ece"]
[Result "1-0"]
[WhiteElo "1654"]
[BlackElo "1970"]
[Annotator "NA"]
[PlyCount "79"]
[EventType "team-tourn"]
[EventCountry "TUR"]
[TimeControl "40/5400+30:1800+30"]

1. e4 {[%emt 0:00:30]} c5 {[%emt 0:02:00]} 2. Nf3 {[%emt 0:00:30]} e6 {[%emt 0:00:30]} 3. d4 {[%emt 0:00:00]} cxd4 {[%emt 0:00:00]} 4. Nxd4 {[%emt 0:00:00]} Nc6 {[%emt 0:00:00]} 5. c4 {[%emt 0:00:30]} Nf6 {[%emt 0:00:00]} 6. Nc3 {[%emt 0:00:30]} Bb4 {[%emt 0:00:00]} 7. Nxc6 {[%emt 0:00:00]} bxc6 {[%emt 0:00:00]} 8. Bd3 {[%emt 0:00:00]} e5 {[%emt 0:00:00]} 9. O-O {[%emt 0:00:30]} O-O {[%emt 0:00:00]} 10. Be3 {[%emt 0:01:30]} d6 {[%emt 0:02:00]} 11. a3 {[%emt 0:00:30]} Ba5 {[%emt 0:02:30]} 12. b4 {[%emt 0:03:30]} Bb6 {[%emt 0:04:30]} 13. h3 {[%emt 0:04:30]} Qe7 {[%emt 0:05:30]} 14. Qf3 {[%emt 0:05:30]} h6 {[%emt 0:00:30]} 15. Rfd1 {[%emt 0:04:30]} Bb7 {[%emt 0:04:30]} 16. Ne2 {[%emt 0:06:30]} d5 {[%emt 0:03:30]} 17. c5 {[%emt 0:04:30]} Bc7 {[%emt 0:01:30]} 18. Ng3 {[%emt 0:00:30]} Bc8 {[%emt 0:27:30]} 19. Bc2 {[%emt 0:02:30]} dxe4 {[%emt 0:07:30]} 20. Nxe4 {[%emt 0:08:30]} Nd5 {[%emt 0:10:30]} 21. Nd6 {[%emt 0:26:30]} Bd7 {[%emt 0:14:56]} 22. Bb3 {[%emt 0:04:30]} Nf6 {[%emt 0:02:30]} 23. Qg3 {[%emt 0:04:30]} Nh5 {[%emt 0:01:22]} 24. Qg6 {[%emt 0:01:30]} Bxd6 {[%emt 0:07:49]} 25. cxd6 {[%emt 0:05:09]} Qh4 {[%emt 0:00:02]} 26. Bxh6 {[%emt 0:02:20]} Rae8 {[%emt 0:03:49]} 27. Bg5 {[%emt 0:01:38]} Nf4 {[%emt 0:00:02]} 28. Qxf7+ {[%emt 0:06:14]} Rxf7 {[%emt 0:00:20]} 29. Bxf7+ {[%emt 0:00:35]} Kxf7 {[%emt 0:00:30]} 30. Bxh4 {[%emt 0:00:00]} Nd5 {[%emt 0:00:00]} 31. Rac1 {[%emt 0:01:12]} Ke6 {[%emt 0:00:21]} 32. Be7 {[%emt 0:00:43]} Ra8 {[%emt 0:01:34]} 33. Rc5 {[%emt 0:00:51]} a6 {[%emt 0:00:13]} 34. Re1 {[%emt 0:02:01]} Kf5 {[%emt 0:00:57]} 35. g4+ {[%emt 0:03:07]} Ke6 {[%emt 0:00:02]} 36. f4 {[%emt 0:00:54]} Nxf4 {[%emt 0:00:19]} 37. Rexe5+ {[%emt 0:00:42]} Kf7 {[%emt 0:00:03]} 38. Rf5+ {[%emt 0:00:06]} Bxf5 {[%emt 0:00:20]} 39. Rxf5+ {[%emt 0:00:06]} Ke6 {[%emt 0:00:30]} 40. Rxf4 {[%emt 0:00:00]} 1-0